Datum a čas kvízu
30
Celkem bodů
Celkový počet nahraných bodů na tomto kvízu bez doplňovacích otázek.
5.
Pořadí na kvízu
Konečné umístění týmu na tomto kvízu.
Zaznamenané odpovědi
| # | Otázka | Odpověď | Body | Výsledky |
|---|---|---|---|---|
| 1. | Napište čtyři slova, jimiž něk... | Společnost pro podporu Ukrajiny | 1 | |
| 2. | Která velká evropská země schv... | Francie | 1 | |
| 3. | Která moderátorka oznámila, že... | Lucie Výborná | 1 | |
| 4. | Tato 40letá žena se jmenuje Le... | Zoo Praha | 1 | |
| 5. | Ve kterém evropském státě nabí... | ve Španělsku | 1 | |
| 6. | Na obrázku níže můžete vidět d... | Drákula a Frankenstein | 0.5 | |
| 7. | Co by to bylo za hororové téma... | C | 0 | |
| 8. | Ze které (převážně videoherní)... | Resident Evil | 0 | |
| 9. | Přiřaďte herce a herečky k jej... | 1D 2C 3A 4B | 0 | |
| 10. | Čím je inspirován česko-americ... | D | 1 |